书目信息 |
| 题名: |
摄影手册
|
|
| 作者: | 崔永洪 编著 | |
| 分册: | ||
| 出版信息: | 呼和浩特 内蒙古人民出版社 1984.10 |
|
| 页数: | 785页 | |
| 开本: | 20cm | |
| 丛书名: | ||
| 单 册: | ||
| 中图分类: | TB8-62 | |
| 科图分类: | ||
| 主题词: | 摄影技术 | |
| 电子资源: | ||
| ISBN: | ||
| 000 | 00558nam0 2200205 45 | |
| 001 | 0312221749 | |
| 005 | 20040914144925.5 | |
| 010 | @dCNY2.85 | |
| 091 | @a15089.63 | |
| 100 | @a20031222d1984 km y0chiy0120 ea | |
| 101 | @achi | |
| 105 | @aa z 000yy | |
| 200 | 1 | @a摄影手册@AShe Ying Shou Ce@f崔永洪等编著@FCui Yong Hong Deng Bian Zhu |
| 210 | @a呼和浩特@c内蒙古人民出版社@d1984.10 | |
| 215 | @a785页@c单页插@d20cm | |
| 606 | 0 | @a摄影技术 |
| 690 | @aTB8-62@v3 | |
| 701 | 0 | @a崔永洪@4编著 |
| 801 | @aCN@bTSTCL@c20031222 | |
| 905 | @dTB8-62@e84@f1@b135928 | |
| 摄影手册/崔永洪等编著.-呼和浩特:内蒙古人民出版社,1984.10 |
| 785页:单页插;20cm |
| ISBN :CNY2.85 |
| ● |
| 相关链接 |
|
|
|
|
正题名:摄影手册
索取号:TB8-62/84
 
预约/预借
| 序号 | 登录号 | 条形码 | 馆藏地/架位号 | 状态 | 备注 |
| 1 | 0135928 | 001360789 | 工具书阅览室/ [索取号:TB8-62/84] | 在馆 | |
| 2 | 0135929 | 001360743 | 第二样本阅览室/ [索取号:TB8-62/84] | 在馆 |